000
00236nam a2200109Ia 4500
008
170620s9999 xx 000 0 und d
100
_a
CHANDRA- PRASANNA
245
0
_a
FINANCIAL MANAGEMENT
260
_b
TMH
260
_c
2011
300
_a
1062
546
_a
ENGLISH
999
_c
29958
_d
29958